Η αλήθεια της γεωμετρίας

Το cd-rom αναφέρεται σε ένα παράδειγμα ισομορφισμού, την ευθεία Riemann, στοιχεία της ελλειπτικής γεωμετρίας του επιπέδου και στοιχεία της υπερβολικής γεωμετρίας του επιπέδου...

Πλήρης περιγραφή

Αποθηκεύτηκε σε:
Λεπτομέρειες βιβλιογραφικής εγγραφής
Κύριος συγγραφέας: Μπαντές, Γιώργος
Μορφή: Ηλεκτρονική πηγή
Γλώσσα:Greek
Δημοσίευση: Σέρρες : Autorun, 2002
Θέματα:
Ετικέτες: Προσθήκη ετικέτας
Δεν υπάρχουν, Καταχωρήστε ετικέτα πρώτοι!

MARC

LEADER 00000cmm a2200000 i 4500
001 1/53861
008 040504s2002 gr gre d
020 |z 960-91929-1-4 
035 |l 10073167 
040 |a GR-MY-UA  |b gre  |e aacr 
041 0 |a gre 
082 0 |a 516  |2 (21η εκδ.) 
100 1 |a Μπαντές, Γιώργος. 
245 1 2 |a Η αλήθεια της γεωμετρίας  |h [αρχείο Η/Υ] /  |c Μπαντές Γιώργος 
260 |a Σέρρες :   |b Autorun,   |c 2002 
300 |a 1 οπτική δισκέτα λέϊζερ H/Y  |b 4 3/4 ιν. 
520 |a Το cd-rom αναφέρεται σε ένα παράδειγμα ισομορφισμού, την ευθεία Riemann, στοιχεία της ελλειπτικής γεωμετρίας του επιπέδου και στοιχεία της υπερβολικής γεωμετρίας του επιπέδου 
650 0 0 |a Geometry. 
852 |a INST  |b LESVOS  |c AV  |e 20040504  |h 516 ΜΠΑ  |p 005100028286  |q 005100028286  |t CDROM  |y 23 
901 |a BIBL1-2004-2 
909 |a Λ  |b 111206 
970 |a ΜΑΡΙΝΑΤΟΥ  |b ΜΥΡΣΙΝΗ  |z 2004/05/03